00411cam a22001691 4500001000800000005001700008008004100025010001700066040001800083041000800101080001500109082001900124100000700143101000800150245005300158504003000211310921620171226082312.0800915s1942 nyu b 000 0 eng  a 42018206  aDLCcDLCdDLC aeng a330.09 ROL00a330.09 ROL2191 a52 aEKO02aA history of economic thought,cby Eric Roll ... aBibliography: p. 557-561.